| 000 | 00601nam a22002057a 4500 | ||
|---|---|---|---|
| 003 | OSt | ||
| 005 | 20140310181804.0 | ||
| 008 | 130704t xxu||||| |||| 00| 0 eng d | ||
| 020 | _a090808692X | ||
| 050 |
_aDS 654 _b.P481 1987 |
||
| 082 |
_aREF 915.99 _bP44 1975 |
||
| 245 |
_aPhilippines : _btravel survival kit / _cJens Peter. |
||
| 260 |
_aHong Kong : _bJens Peters, _c1987. |
||
| 300 |
_a373 p. : _bill. some col. ; _c19 cm. : |
||
| 520 | _a1. Philippines - Description and travel -- 1975 | ||
| 521 | _aBasic ed. students | ||
| 541 | _j1 | ||
| 562 | _e1 | ||
| 942 |
_2lcc _cBK-GR _kREF |
||
| 999 |
_c3751 _d3751 |
||